[Event "4NCL Div 1 2018-19"]
[Site "Daventry"]
[Date "2019.01.12"]
[Round "3"]
[White "Taylor, Adam C"]
[Black "Morrison, Graham"]
[Result "1-0"]
[WhiteElo "2356"]
[BlackElo "2292"]
[Annotator "NA"]
[PlyCount "97"]
[EventDate "2019.01.12"]
[EventCountry "GBR"]
[SourceTitle "playchess.com"]
[Source "ChessBase"]
[SourceQuality "1"]
[TimeControl "40"]

1. Nf3 {[%emt 0:00:00]} Nf6 {[%emt 0:00:00]} 2. g3 {[%emt 0:00:00]} d5 {[%emt 0:00:00]} 3. Bg2 {[%emt 0:00:00]} e6 {[%emt 0:00:00]} 4. O-O {[%emt 0:00:00]} Be7 {[%emt 0:00:00]} 5. c4 {[%emt 0:00:00]} O-O {[%emt 0:00:00]} 6. d4 {[%emt 0:00:00]} c6 {[%emt 0:00:00]} 7. Qc2 {[%emt 0:00:00]} b6 {[%emt 0:00:00]} 8. b3 {[%emt 0:00:00]} Bb7 {[%emt 0:00:00]} 9. Rd1 {[%emt 0:00:00]} Nbd7 {[%emt 0:00:00]} 10. Nc3 {[%emt 0:00:00]} Qc8 {[%emt 0:00:00]} 11. Bf4 {[%emt 0:00:00]} b5 {[%emt 0:00:00]} 12. Rac1 {[%emt 0:00:00]} Ba3 {[%emt 0:00:00]} 13. Rb1 {[%emt 0:00:00]} Be7 {[%emt 0:00:00]} 14. Ne1 {[%emt 0:00:00]} bxc4 {[%emt 0:00:00]} 15. bxc4 {[%emt 0:00:00]} Nh5 {[%emt 0:00:00]} 16. cxd5 {[%emt 0:00:00]} cxd5 {[%emt 0:00:00]} 17. Bc7 {[%emt 0:00:00]} Nhf6 {[%emt 0:00:00]} 18. Rdc1 {[%emt 0:00:00]} Ba6 {[%emt 0:00:00]} 19. Nb5 {[%emt 0:00:00]} Bxb5 {[%emt 0:00:00]} 20. Rxb5 {[%emt 0:00:00]} a6 {[%emt 0:00:00]} 21. Rb3 {[%emt 0:00:00]} Ra7 {[%emt 0:00:00]} 22. Nd3 {[%emt 0:00:00]} Qa8 {[%emt 0:00:00]} 23. Ba5 {[%emt 0:00:00]} Rb7 {[%emt 0:00:00]} 24. e3 {[%emt 0:00:00]} Rb5 {[%emt 0:00:00]} 25. Be1 {[%emt 0:00:00]} Qb7 {[%emt 0:00:00]} 26. Bf1 {[%emt 0:00:00]} Rxb3 {[%emt 0:00:00]} 27. axb3 {[%emt 0:00:00]} Rb8 {[%emt 0:00:00]} 28. Nc5 {[%emt 0:00:00]} Nxc5 {[%emt 0:00:00]} 29. dxc5 {[%emt 0:00:00]} Qc6 {[%emt 0:00:00]} 30. b4 {[%emt 0:00:00]} Ne8 {[%emt 0:00:00]} 31. Bd3 {[%emt 0:00:00]} f5 {[%emt 0:00:00]} 32. g4 {[%emt 0:00:00]} g6 {[%emt 0:00:00]} 33. Ra1 {[%emt 0:00:00]} Nc7 {[%emt 0:00:00]} 34. Bc3 {[%emt 0:00:00]} Kf7 {[%emt 0:00:00]} 35. Qe2 {[%emt 0:00:00]} Bf6 {[%emt 0:00:00]} 36. Bxf6 {[%emt 0:00:00]} Kxf6 {[%emt 0:00:00]} 37. Qb2+ {[%emt 0:00:00]} Kf7 {[%emt 0:00:00]} 38. g5 {[%emt 0:00:00]} Kg8 {[%emt 0:00:00]} 39. Qe5 {[%emt 0:00:00]} Rd8 {[%emt 0:00:00]} 40. Bxa6 {[%emt 0:00:00]} Nxa6 {[%emt 0:00:00]} 41. b5 {[%emt 0:00:00]} Qxb5 {[%emt 0:00:00]} 42. Qxe6+ {[%emt 0:00:00]} Kf8 {[%emt 0:00:00]} 43. Qf6+ {[%emt 0:00:00]} Ke8 {[%emt 0:00:00]} 44. Rxa6 {[%emt 0:00:00]} Qb1+ {[%emt 0:00:00]} 45. Kg2 {[%emt 0:00:00]} Qe4+ {[%emt 0:00:00]} 46. f3 {[%emt 0:00:00]} Qc2+ {[%emt 0:00:00]} 47. Kh3 {[%emt 0:00:00]} Qxc5 {[%emt 0:00:00]} 48. Rc6 {[%emt 0:00:00]} Qf8 {[%emt 0:00:00]} 49. Qe5+ {[%emt 0:00:00]} 1-0

[Event "4NCL Div 1 2018-19"]
[Site "Daventry"]
[Date "2019.01.12"]
[Round "3"]
[White "Zakarian, David"]
[Black "Adams, Michael"]
[Result "0-1"]
[WhiteElo "2353"]
[BlackElo "2701"]
[Annotator "TA"]
[PlyCount "60"]
[EventDate "2019.01.12"]
[EventCountry "GBR"]
[SourceTitle "playchess.com"]
[Source "ChessBase"]
[SourceQuality "1"]

{[%evp 13,60,-4,-19,-97,-114,-103,-120,-104,-109,-119,-112,-110,-108,-217,-241,-334,-345,-323,-335,-321,-320,-624,-615,-617,-644,-728,-715,-752,-787,-834,-929,-970,-942,-964,-953,-934,-872,-1191,-1286,-1575,-1468,-29986,-29987,-29987,-29988,-29988,-29989,-29989,-29990]} 1. e4 e5 2. f4 exf4 3. Bc4 Nf6 4. Nc3 Bb4 5. Nf3 O-O 6. O-O {C33: King's Gambit Accepted: 3 Nc3 and 3 Bc4} Nxe4 7. Nxe4 d5 {[%mdl 64] [#] LiveBook: 4 Games. Double Attack} 8. Bd3 $146 (8. Nfg5 dxc4 9. d3 h6 $17) (8. Bxd5 $11 Qxd5 9. d3) ({Predecessor:} 8. d4 dxc4 9. Bxf4 Bf5 10. Ng3 Bg6 11. Ne5 c3 12. Nxg6 hxg6 13. Rb1 {0-1 (39) Mista,A (2543)-Mastrovasilis,D (2559) Warsaw 2007}) 8... dxe4 $17 9. Bxe4 Re8 10. Re1 Nd7 11. c3 Bd6 12. d4 Nf6 13. Qd3 (13. Bd3 $17) 13... g6 $19 ({Resist} 13... Rxe4 14. Rxe4 Bf5 15. Re8+ Qxe8 16. Qxf5 $17) 14. Bd2 {White hopes to continue with Ng5.} Rxe4 ({Less strong is} 14... Nxe4 15. Rxe4 Bf5 16. Rxe8+ Qxe8 17. Qf1 $17) 15. Rxe4 Bf5 {[%mdl 64] Pin, Skewer} (15... Nxe4 16. Qxe4 Bf5 17. Qe2 $17) 16. Ng5 {intending Qc4.} h6 ({Not} 16... Nxe4 17. Nxe4 c5 18. Qf3 $17) 17. Qc4 $2 (17. Nxf7 Bxe4 18. Qc4) 17... hxg5 (17... Bxe4 $2 18. Qxf7+ Kh8 19. Ne6 $19) 18. Re2 Qd7 19. Qb3 c5 20. Be1 Bd3 21. Rd2 c4 22. Qd1 Ne4 23. Rxd3 cxd3 24. Qxd3 Re8 25. Rd1 g4 26. c4 {[#]} f3 $1 27. gxf3 Ng5 {Black mates.} 28. fxg4 Qxg4+ 29. Bg3 Bxg3 30. hxg3 Re2 {Accuracy: White = 22%, Black = 100%.} 0-1

[Event "4NCL Div 1 2018-19"]
[Site "Daventry"]
[Date "2019.01.12"]
[Round "3"]
[White "Wadsworth, Matthew J"]
[Black "Gonda, Laszlo"]
[Result "1/2-1/2"]
[WhiteElo "2350"]
[BlackElo "2531"]
[Annotator "TA"]
[PlyCount "54"]
[EventDate "2019.01.12"]
[EventCountry "GBR"]
[SourceTitle "playchess.com"]
[Source "ChessBase"]
[SourceQuality "1"]

{[%evp 23,54,0,15,-7,-8,-6,-6,-24,-15,-15,-8,-31,-13,-13,-14,-31,0,-2,-4,-20,-20,-20,-20,-20,-20,-31,-31,-31,-31,-31,-31,-50,0]} 1. c4 c5 2. g3 Nc6 3. Bg2 g6 4. Nc3 Bg7 5. Nf3 d6 6. O-O e5 7. a3 a5 8. Ne1 Be6 9. d3 Nge7 10. Nc2 d5 11. cxd5 {A37: Symmetrical English vs ...g6: 4 Bg2 Bg7 5 Nf3} Nxd5 12. Ne3 Nb6 {LiveBook: 18 Games} 13. Nc4 {The position is equal.} (13. Bxc6+ {is interesting.} bxc6 14. Ne4 c4 15. dxc4 O-O 16. c5) 13... Nxc4 (13... O-O 14. Bxc6 bxc6 15. Nxb6 Qxb6 16. Be3 Qxb2 17. Na4 Qb3 18. Nxc5 Qxd1 19. Rfxd1 {½-½ (46) Adams,M (2748)-Caruana,F (2823) London 2016}) 14. dxc4 Qxd1 15. Rxd1 Bxc4 16. Bxc6+ bxc6 17. Be3 $146 ({Predecessor:} 17. e4 Bb3 18. Rd6 Rc8 {½-½ (67) Berczes,D (2493)-Larson,M (2220) Brownsville 2016}) 17... O-O 18. Bxc5 Rfd8 19. Kf1 e4 20. Rxd8+ Rxd8 21. Rd1 Rxd1+ 22. Nxd1 $11 {[%mdl 4096] Endgame KBB-KBN} f5 23. Nc3 Bb3 24. Ke1 a4 {Black is slightly better.} 25. Kd2 Kf7 26. h4 Ke6 27. e3 Bxc3+ {Precision: White = 50%, Black = 67%.} 1/2-1/2

[Event "4NCL Div 1 2018-19"]
[Site "Daventry"]
[Date "2019.01.12"]
[Round "3"]
[White "Ledger, Andrew J"]
[Black "Kalavannan, Koby"]
[Result "1/2-1/2"]
[WhiteElo "2348"]
[BlackElo "2339"]
[Annotator "NA"]
[PlyCount "107"]
[EventDate "2019.01.12"]
[EventCountry "GBR"]
[SourceTitle "playchess.com"]
[Source "ChessBase"]
[SourceQuality "1"]
[TimeControl "40"]

1. d4 {[%emt 0:00:00]} Nf6 {[%emt 0:00:00]} 2. Nf3 {[%emt 0:00:00]} g6 {[%emt 0:00:00]} 3. c4 {[%emt 0:00:00]} Bg7 {[%emt 0:00:00]} 4. g3 {[%emt 0:00:00]} O-O {[%emt 0:00:00]} 5. Bg2 {[%emt 0:00:00]} d6 {[%emt 0:00:00]} 6. O-O {[%emt 0:00:00]} Nc6 {[%emt 0:00:00]} 7. Nc3 {[%emt 0:00:00]} e5 {[%emt 0:00:00]} 8. dxe5 {[%emt 0:00:00]} dxe5 {[%emt 0:00:00]} 9. Bg5 {[%emt 0:00:00]} Be6 {[%emt 0:00:00]} 10. Qc1 {[%emt 0:00:00]} Bxc4 {[%emt 0:00:00]} 11. Nd2 {[%emt 0:00:00]} Be6 {[%emt 0:00:00]} 12. Nde4 {[%emt 0:00:00]} h6 {[%emt 0:00:00]} 13. Bxf6 {[%emt 0:00:00]} Bxf6 {[%emt 0:00:00]} 14. Rd1 {[%emt 0:00:00]} Qe7 {[%emt 0:00:00]} 15. Nxf6+ {[%emt 0:00:00]} Qxf6 {[%emt 0:00:00]} 16. Qxh6 {[%emt 0:00:00]} Qg7 {[%emt 0:00:00]} 17. Qxg7+ {[%emt 0:00:00]} Kxg7 {[%emt 0:00:00]} 18. Ne4 {[%emt 0:00:00]} Rad8 {[%emt 0:00:00]} 19. Nc5 {[%emt 0:00:00]} Bg4 {[%emt 0:00:00]} 20. Rxd8 {[%emt 0:00:00]} Nxd8 {[%emt 0:00:00]} 21. Nxb7 {[%emt 0:00:00]} Nxb7 {[%emt 0:00:00]} 22. Bxb7 {[%emt 0:00:00]} Rb8 {[%emt 0:00:00]} 23. Bd5 {[%emt 0:00:00]} Rxb2 {[%emt 0:00:00]} 24. Rc1 {[%emt 0:00:00]} Rxe2 {[%emt 0:00:00]} 25. Rxc7 {[%emt 0:00:00]} Bh3 {[%emt 0:00:00]} 26. f4 {[%emt 0:00:00]} e4 {[%emt 0:00:00]} 27. Rxf7+ {[%emt 0:00:00]} Kh6 {[%emt 0:00:00]} 28. Rf8 {[%emt 0:00:00]} Rg2+ {[%emt 0:00:00]} 29. Kh1 {[%emt 0:00:00]} Rd2 {[%emt 0:00:00]} 30. Rh8+ {[%emt 0:00:00]} Kg7 {[%emt 0:00:00]} 31. Rxh3 {[%emt 0:00:00]} Rxd5 {[%emt 0:00:00]} 32. g4 {[%emt 0:00:00]} Rd1+ {[%emt 0:00:00]} 33. Kg2 {[%emt 0:00:00]} Rd2+ {[%emt 0:00:00]} 34. Kg1 {[%emt 0:00:00]} Rxa2 {[%emt 0:00:00]} 35. Re3 {[%emt 0:00:00]} Ra4 {[%emt 0:00:00]} 36. Kf2 {[%emt 0:00:00]} Kf6 {[%emt 0:00:00]} 37. Rc3 {[%emt 0:00:00]} Ke6 {[%emt 0:00:00]} 38. Rc5 {[%emt 0:00:00]} Kd6 {[%emt 0:00:00]} 39. Rg5 {[%emt 0:00:00]} Ra3 {[%emt 0:00:00]} 40. Ke2 {[%emt 0:00:00]} a5 {[%emt 0:00:00]} 41. Rxg6+ {[%emt 0:00:00]} Kd5 {[%emt 0:00:00]} 42. f5 {[%emt 0:00:00]} Kd4 {[%emt 0:00:00]} 43. Rd6+ {[%emt 0:00:00]} Ke5 {[%emt 0:00:00]} 44. Re6+ {[%emt 0:00:00]} Kf4 {[%emt 0:00:00]} 45. f6 {[%emt 0:00:00]} Ra2+ {[%emt 0:00:00]} 46. Kd1 {[%emt 0:00:00]} Ra1+ {[%emt 0:00:00]} 47. Kc2 {[%emt 0:00:00]} Rf1 {[%emt 0:00:00]} 48. h3 {[%emt 0:00:00]} a4 {[%emt 0:00:00]} 49. f7 {[%emt 0:00:00]} Kg5 {[%emt 0:00:00]} 50. Rxe4 {[%emt 0:00:00]} Rxf7 {[%emt 0:00:00]} 51. Re5+ {[%emt 0:00:00]} Kg6 {[%emt 0:00:00]} 52. h4 {[%emt 0:00:00]} Rf4 {[%emt 0:00:00]} 53. h5+ {[%emt 0:00:00]} Kf6 {[%emt 0:00:00]} 54. Rf5+ {[%emt 0:00:00]} 1/2-1/2

[Event "4NCL Div 1 2018-19"]
[Site "Daventry"]
[Date "2019.01.12"]
[Round "3"]
[White "Ashton, Adam G"]
[Black "Kulon, Klaudia"]
[Result "0-1"]
[WhiteElo "2332"]
[BlackElo "2327"]
[Annotator "NA"]
[PlyCount "78"]
[EventDate "2019.01.12"]
[EventCountry "GBR"]
[SourceTitle "playchess.com"]
[Source "ChessBase"]
[SourceQuality "1"]
[TimeControl "40"]

1. e4 {[%emt 0:00:00]} e5 {[%emt 0:00:00]} 2. Nf3 {[%emt 0:00:00]} Nc6 {[%emt 0:00:00]} 3. Bc4 {[%emt 0:00:00]} Nf6 {[%emt 0:00:00]} 4. d3 {[%emt 0:00:00]} h6 {[%emt 0:00:00]} 5. c3 {[%emt 0:00:00]} d6 {[%emt 0:00:00]} 6. Bb3 {[%emt 0:00:00]} g6 {[%emt 0:00:00]} 7. Nbd2 {[%emt 0:00:00]} Bg7 {[%emt 0:00:00]} 8. Nf1 {[%emt 0:00:00]} O-O {[%emt 0:00:00]} 9. Ne3 {[%emt 0:00:00]} Na5 {[%emt 0:00:00]} 10. Bc2 {[%emt 0:05:49]} c5 {[%emt 0:00:00]} 11. a3 {[%emt 0:00:00]} Nc6 {[%emt 0:00:00]} 12. b4 {[%emt 0:00:00]} cxb4 {[%emt 0:00:00]} 13. axb4 {[%emt 0:00:00]} d5 {[%emt 0:00:00]} 14. b5 {[%emt 0:00:00]} Ne7 {[%emt 0:00:00]} 15. O-O {[%emt 0:00:00]} Be6 {[%emt 0:00:00]} 16. Ba3 {[%emt 0:00:00]} d4 {[%emt 0:00:00]} 17. cxd4 {[%emt 0:00:00]} exd4 {[%emt 0:00:00]} 18. Nxd4 {[%emt 0:00:00]} Qxd4 {[%emt 0:00:00]} 19. Bxe7 {[%emt 0:00:00]} Rfc8 {[%emt 0:00:00]} 20. Rb1 {[%emt 0:00:00]} Ng4 {[%emt 0:00:00]} 21. Nxg4 {[%emt 0:00:00]} Bxg4 {[%emt 0:00:00]} 22. Qxg4 {[%emt 0:00:00]} Rxc2 {[%emt 0:00:00]} 23. Qf3 {[%emt 0:00:00]} Rac8 {[%emt 0:00:00]} 24. g3 {[%emt 0:00:00]} Qb6 {[%emt 0:00:00]} 25. Qf4 {[%emt 0:00:00]} R8c3 {[%emt 0:00:00]} 26. Rbd1 {[%emt 0:00:00]} g5 {[%emt 0:00:00]} 27. Qf5 {[%emt 0:02:36]} Bd4 {[%emt 0:00:00]} 28. e5 {[%emt 0:00:00]} Rb2 {[%emt 0:00:00]} 29. Bf6 {[%emt 0:00:00]} Rcc2 {[%emt 0:00:00]} 30. Rd2 {[%emt 0:00:00]} Qe6 {[%emt 0:00:00]} 31. Qxe6 {[%emt 0:00:00]} fxe6 {[%emt 0:00:00]} 32. Rxc2 {[%emt 0:00:00]} Rxc2 {[%emt 0:00:00]} 33. Kg2 {[%emt 0:00:00]} a5 {[%emt 0:00:00]} 34. bxa6 {[%emt 0:00:00]} bxa6 {[%emt 0:00:00]} 35. Kf3 {[%emt 0:00:00]} a5 {[%emt 0:00:00]} 36. h4 {[%emt 0:00:00]} a4 {[%emt 0:00:00]} 37. hxg5 {[%emt 0:00:00]} a3 {[%emt 0:00:00]} 38. Ke4 {[%emt 0:00:00]} Bb2 {[%emt 0:00:00]} 39. gxh6 {[%emt 0:00:00]} a2 {[%emt 0:00:00]} 0-1

[Event "4NCL Div 1 2018-19"]
[Site "Daventry"]
[Date "2019.01.12"]
[Round "3"]
[White "Chow, Samuel"]
[Black "Kett, Tim"]
[Result "1-0"]
[WhiteElo "2331"]
[BlackElo "2209"]
[Annotator "NA"]
[PlyCount "77"]
[EventDate "2019.01.12"]
[EventCountry "GBR"]
[SourceTitle "playchess.com"]
[Source "ChessBase"]
[SourceQuality "1"]
[TimeControl "40"]

1. Nf3 {[%emt 0:00:00]} Nf6 {[%emt 0:00:00]} 2. g3 {[%emt 0:00:00]} g6 {[%emt 0:00:00]} 3. Bg2 {[%emt 0:00:00]} Bg7 {[%emt 0:00:00]} 4. O-O {[%emt 0:00:00]} O-O {[%emt 0:00:00]} 5. c4 {[%emt 0:00:00]} d6 {[%emt 0:00:00]} 6. Nc3 {[%emt 0:00:00]} Nc6 {[%emt 0:00:00]} 7. Rb1 {[%emt 0:00:00]} e5 {[%emt 0:00:00]} 8. b4 {[%emt 0:00:00]} a6 {[%emt 0:00:00]} 9. a4 {[%emt 0:00:00]} Nd4 {[%emt 0:00:00]} 10. b5 {[%emt 0:00:00]} Nxf3+ {[%emt 0:00:00]} 11. Bxf3 {[%emt 0:00:00]} axb5 {[%emt 0:00:00]} 12. axb5 {[%emt 0:00:00]} Bh3 {[%emt 0:00:00]} 13. Re1 {[%emt 0:00:00]} Rb8 {[%emt 0:00:00]} 14. d3 {[%emt 0:00:00]} h6 {[%emt 0:00:00]} 15. Qb3 {[%emt 0:00:00]} Kh7 {[%emt 0:00:00]} 16. Be3 {[%emt 0:00:00]} b6 {[%emt 0:00:00]} 17. Na2 {[%emt 0:00:00]} Ng4 {[%emt 0:00:00]} 18. Bd2 {[%emt 0:00:00]} f5 {[%emt 0:00:00]} 19. Nb4 {[%emt 0:00:00]} Qf6 {[%emt 0:00:00]} 20. Qa3 {[%emt 0:00:00]} f4 {[%emt 0:00:00]} 21. Nd5 {[%emt 0:00:00]} Qd8 {[%emt 0:00:00]} 22. Qa7 {[%emt 0:00:00]} Rf7 {[%emt 0:00:00]} 23. Be4 {[%emt 0:00:00]} fxg3 {[%emt 0:00:00]} 24. fxg3 {[%emt 0:00:00]} Nf2 {[%emt 0:00:00]} 25. Be3 {[%emt 0:00:00]} Nxe4 {[%emt 0:00:00]} 26. dxe4 {[%emt 0:00:00]} Qc8 {[%emt 0:00:00]} 27. Nxb6 {[%emt 0:00:00]} Rxb6 {[%emt 0:00:00]} 28. Bxb6 {[%emt 0:00:00]} Qg4 {[%emt 0:00:00]} 29. Qb7 {[%emt 0:00:00]} h5 {[%emt 0:00:00]} 30. Bf2 {[%emt 0:00:00]} Bh6 {[%emt 0:00:00]} 31. Rb3 {[%emt 0:00:00]} Bd2 {[%emt 0:00:00]} 32. Qd5 {[%emt 0:00:00]} Rxf2 {[%emt 0:00:00]} 33. Kxf2 {[%emt 0:00:00]} Bxe1+ {[%emt 0:00:00]} 34. Kxe1 {[%emt 0:00:00]} Bg2 {[%emt 0:00:00]} 35. b6 {[%emt 0:00:00]} cxb6 {[%emt 0:00:00]} 36. Rxb6 {[%emt 0:01:05]} Bxe4 {[%emt 0:00:00]} 37. Qf7+ {[%emt 0:00:00]} Kh6 {[%emt 0:00:00]} 38. Qf8+ {[%emt 0:00:00]} Kh7 {[%emt 0:00:00]} 39. Rb8 {[%emt 0:00:00]} 1-0

[Event "4NCL Div 1 2018-19"]
[Site "Daventry"]
[Date "2019.01.12"]
[Round "3"]
[White "Weaving, Richard"]
[Black "Bates, Richard A"]
[Result "0-1"]
[WhiteElo "2330"]
[BlackElo "2378"]
[Annotator "TA"]
[PlyCount "128"]
[EventDate "2019.01.12"]
[EventCountry "GBR"]
[SourceTitle "playchess.com"]
[Source "ChessBase"]
[SourceQuality "1"]

{[%evp 24,128,34,24,20,18,18,22,25,0,0,11,-21,-27,20,14,17,17,12,11,12,11,9,0,10,13,7,-19,-29,-27,-29,-51,-32,-56,-13,-131,-131,-131,-122,-259,-247,-228,-167,-186,-128,-239,-173,-175,-167,-167,-158,-207,-207,-371,-345,-364,-229,-225,-166,-181,0,-210,0,-302,-102,-168,-88,-88,-88,-88,-89,-97,-25,-71,-71,-71,-8,-8,-8,-8,-8,-8,-8,-8,-8,-8,-8,-8,0,-923,-916,-664,-618,-29978,-29973,-29973,-29974,-29974,-29975,-29973,-29974,-29971,-29973,-29985,-29986,-29986,-551]} 1. e4 c5 2. Nf3 d6 3. d4 cxd4 4. Nxd4 Nf6 5. Nc3 a6 6. Be3 e5 7. Nb3 Be6 8. Qd2 Nbd7 9. f3 h5 10. Nd5 {B90: Sicilian Najdorf: Unusual White 6th moves, 6 Be3 Ng4 and 6 Be3 e5} Bxd5 11. exd5 Qc7 (11... g6 12. Be2 Bg7 13. O-O-O O-O 14. g4 a5 15. a4 Nb6 16. gxh5 Nxh5 17. Bb5 Nf6 {0-1 (71) Leko,P (2690)-Vachier Lagrave,M (2780) Batumi 2018}) 12. c4 a5 13. a4 {LiveBook: 11 Games} g6 14. Bd3 Bg7 15. O-O O-O {[#]} 16. Rae1 $146 ({Predecessor:} 16. Rac1 b6 17. Kh1 Rae8 {½-½ (25) Svacek,P (2549)-Burghoff,A (2609) ICCF email 2012}) 16... Rfe8 17. Bf2 (17. Be2 {with more complications.} Nb6 18. Nxa5 e4 19. b4 exf3 20. gxf3 Nfxd5 21. cxd5 Bc3 22. Qd3) 17... Nb6 18. Nxa5 Nbxd5 (18... e4 $5 19. Bxe4 (19. fxe4 Ng4 $11) 19... Nxe4 20. fxe4 (20. Rxe4 Rxe4 21. fxe4 Nxc4 $15) 20... Nxc4 21. Nxc4 Qxc4 $11 {[%mdl 64] Double Attack}) 19. cxd5 {aiming for b4.} Qxa5 20. Qxa5 Rxa5 21. Bc4 Rc8 22. b3 Bh6 23. Bb6 Rxa4 24. bxa4 Rxc4 25. Ra1 Nxd5 26. Bf2 Nc3 $36 {[%mdl 2048] Black is pushing.} 27. a5 d5 {[%cal Bd6d5,Bd5d4][%mdl 32]} 28. Rfe1 f6 {White should prevent ...d4.} 29. Be3 (29. a6 $11 bxa6 30. Rxa6) 29... Bxe3+ $17 30. Rxe3 {[%mdl 4096] Endgame KRR-KRN} d4 31. Rd3 {[#]} (31. Ree1 $17) 31... f5 $1 $19 32. Rd2 Rb4 33. Rc2 Kg7 (33... e4 $19 34. fxe4 fxe4) 34. Rac1 (34. Ra3 $17) 34... Rb5 35. Rxc3 dxc3 36. Rxc3 {KR-KR} Kh6 37. Rc7 {[#]} h4 $1 38. Kf2 $2 (38. Rc4) 38... Kg5 39. Rh7 Rb2+ 40. Kg1 Rb1+ 41. Kf2 Rb2+ 42. Kg1 $1 Rb5 (42... e4 $142 43. fxe4 fxe4) 43. Kf2 h3 $2 (43... Rxa5 $19 44. Rxb7 Ra2+ 45. Kg1 Kf4 46. Rb4+ Ke3) 44. Kg3 (44. Rxh3 $17 {might work better.} Rxa5 45. g3) 44... hxg2 ({Better is} 44... Rxa5 $19 {White must now prevent ...hxg2.} 45. Rxb7 hxg2 46. h4+ Kh6 47. Kxg2 Ra2+ 48. Kh3 g5) 45. h4+ $17 Kf6 46. Kxg2 Rb2+ 47. Kf1 f4 (47... Rb4 $17 48. Rh8 f4) 48. Rh8 Ra2 49. Rh7 e4 (49... Ra1+ $17 50. Ke2 Ra2+ 51. Kf1 Ra3) 50. fxe4 $11 Ke5 51. Rxb7 Kxe4 52. Rb4+ Kf3 {( -> ...Ra1+)} 53. Rb3+ Kg4 54. Rb6 $1 g5 55. hxg5 Kg3 56. Rf6 $2 {[%mdl 8192]} (56. g6 $11 f3 57. Re6 Ra1+ 58. Re1 Rxa5 59. g7) 56... f3 $19 {[%cal Ra2a1]} 57. Ke1 f2+ 58. Kd1 Rxa5 {Black mates.} 59. g6 Ra7 (59... Ra1+ 60. Kd2 $19) 60. Rf5 Kg2 61. Rg5+ Kf3 62. Rf5+ Ke3 63. Rf8 {[#]} f1=Q+ $1 {[%mdl 512]} 64. Rxf1 Ra1+ {Accuracy: White = 38%, Black = 63%.} 0-1

[Event "4NCL Div 1 2018-19"]
[Site "Daventry"]
[Date "2019.01.12"]
[Round "3"]
[White "Taylor, Martin R"]
[Black "Dargan, Paul A G"]
[Result "1-0"]
[WhiteElo "2328"]
[BlackElo "2123"]
[Annotator "NA"]
[PlyCount "83"]
[EventDate "2019.01.12"]
[EventCountry "GBR"]
[SourceTitle "playchess.com"]
[Source "ChessBase"]
[SourceQuality "1"]
[TimeControl "40"]

1. d4 {[%emt 0:00:00]} Nf6 {[%emt 0:00:00]} 2. c4 {[%emt 0:00:00]} e6 {[%emt 0:00:00]} 3. Nc3 {[%emt 0:00:00]} Bb4 {[%emt 0:00:00]} 4. Qc2 {[%emt 0:00:00]} d5 {[%emt 0:00:00]} 5. a3 {[%emt 0:00:00]} Bxc3+ {[%emt 0:00:00]} 6. Qxc3 {[%emt 0:00:00]} O-O {[%emt 0:00:00]} 7. Bg5 {[%emt 0:00:00]} dxc4 {[%emt 0:00:00]} 8. Qxc4 {[%emt 0:00:00]} b6 {[%emt 0:00:00]} 9. Rd1 {[%emt 0:00:00]} Ba6 {[%emt 0:00:00]} 10. Qa4 {[%emt 0:00:00]} h6 {[%emt 0:00:00]} 11. Bh4 {[%emt 0:00:00]} Qe7 {[%emt 0:00:00]} 12. Nf3 {[%emt 0:00:00]} Rd8 {[%emt 0:00:00]} 13. e3 {[%emt 0:00:00]} Bxf1 {[%emt 0:00:00]} 14. Rxf1 {[%emt 0:00:00]} c5 {[%emt 0:00:00]} 15. dxc5 {[%emt 0:00:00]} Rxd1+ {[%emt 0:00:00]} 16. Qxd1 {[%emt 0:00:00]} Qxc5 {[%emt 0:00:00]} 17. Qd8+ {[%emt 0:00:00]} Kh7 {[%emt 0:00:00]} 18. Bxf6 {[%emt 0:00:00]} gxf6 {[%emt 0:00:00]} 19. Qxf6 {[%emt 0:00:00]} Nc6 {[%emt 0:00:00]} 20. Qxf7+ {[%emt 0:00:00]} Kh8 {[%emt 0:00:00]} 21. Qf6+ {[%emt 0:00:00]} Kh7 {[%emt 0:00:00]} 22. Qf7+ {[%emt 0:00:00]} Kh8 {[%emt 0:00:00]} 23. Qf6+ {[%emt 0:00:00]} Kh7 {[%emt 0:00:00]} 24. Qc3 {[%emt 0:00:00]} Qb5 {[%emt 0:00:00]} 25. Nd4 {[%emt 0:00:00]} Nxd4 {[%emt 0:00:00]} 26. exd4 {[%emt 0:00:00]} Qd5 {[%emt 0:00:00]} 27. f3 {[%emt 0:00:00]} Rd8 {[%emt 0:00:00]} 28. Rf2 {[%emt 0:00:00]} Qxd4 {[%emt 0:00:00]} 29. Qxd4 {[%emt 0:00:00]} Rxd4 {[%emt 0:00:00]} 30. Rd2 {[%emt 0:00:00]} Rh4 {[%emt 0:00:00]} 31. h3 {[%emt 0:00:00]} Kg6 {[%emt 0:00:00]} 32. Rd7 {[%emt 0:00:00]} Ra4 {[%emt 0:00:00]} 33. Kd2 {[%emt 0:00:00]} h5 {[%emt 0:00:00]} 34. g4 {[%emt 0:00:00]} b5 {[%emt 0:00:00]} 35. Rb7 {[%emt 0:00:00]} a6 {[%emt 0:00:00]} 36. Ke3 {[%emt 0:00:00]} Kf6 {[%emt 0:00:00]} 37. Rb6 {[%emt 0:00:00]} h4 {[%emt 0:00:00]} 38. f4 {[%emt 0:00:00]} Kf7 {[%emt 0:00:00]} 39. g5 {[%emt 0:00:00]} Rc4 {[%emt 0:00:00]} 40. Rxa6 {[%emt 0:00:00]} Rc1 {[%emt 0:00:00]} 41. Ra7+ {[%emt 0:00:06]} Kg8 {[%emt 0:00:00]} 42. Ke4 {[%emt 0:00:00]} 1-0